Statistics for 10 Rivers in Bosnia and Herzegovina

Click here to take the quiz!

General Stats

  • This quiz has been taken 472 times
  • The average score is 7 of 9

Answer Stats

Answer% Correct
Sava
95%
Bosna
92%
Drina
91%
Una
89%
Neretva
87%
Miljacka
75%
Vrbas
72%
Trebisnjica
34%
Krivaja
19%

Score Distribution

Percentile by Number Answered

Percent of People with Each Score

Your Score History

You have not taken this quiz